Estadísticas para País por imagen de su líder - 1980

Haz click aquí para intentar la prueba.

Estadísticas generales

  • Esta prueba ha sido intentada 89 veces
  • La puntuación promedio es 8 de 16

Estadísticas de respuestas

Respuesta% Correcto
Reino Unido
96%
Irán
93%
Estados Unidos
88%
China
84%
Argentina
71%
Irak
70%
Chile
56%
India
54%
Unión Soviética
51%
Francia
44%
Libia
38%
Rumania
34%
Alemania Oriental
23%
Israel
17%
Italia
15%
Polonia
11%

Distribución de puntuación

Porcentaje por número respondido

Porcentaje de gente con cada puntuación

Historial de tus puntuaciones

No has intentado esta prueba.